Pokémon - Les attaques de Obalie - Statistiques

Statistiques générales
  • Ce quiz a été pris 14 fois
  • Le résultat moyen est 11 sur 15
Statistiques - réponses
Niveaux Types Noms des attaques % Correct
Niveau 44 Glace Blizzard
100%
Niveau 48 Glace Grêle
88%
Niveau 28 Glace Onde Boréale
88%
Niveau 8 Eau Pistolet à O
88%
Niveau 12 Glace Poudreuse
88%
Départ Roche Roulade
88%
Niveau 40 Eau Surf
88%
Niveau 52 Glace Glaciation
75%
Niveau 16 Psy Repos
75%
Niveau 4 Normal Rugissement
75%
Départ Normal Boul'Armure
63%
Niveau 36 Normal Plaquage
63%
Niveau 24 Eau Saumure
63%
Niveau 20 Normal Ronflement
50%
Niveau 33 Normal Encore
38%
Aucun quiz correspondant
Distribution des résultats
% des personnes avec chaque résultat
Percentile par nombre de réponses
Votre historique - résultats
Vous n’avez pas pris ce quiz